Gramática Alemana. Método teórico-práctico para uso de los españoles

שמור ב:
מידע ביבליוגרפי
מחבר ראשי: Ruppert, Enrique
פורמט: ספר
שפה:Spanish
יצא לאור: Madrid Heidelberg. Julio Groos 1902
מהדורה:2 ed.
נושאים:
תגים: הוספת תג
אין תגיות, היה/י הראשונ/ה לתייג את הרשומה!

MARC

LEADER 00000nam a22000007a 4500
008 200925b ||||| |||| 00| 0 spa d
090 |a 415-A R-2g 
100 |a Ruppert, Enrique 
245 |a Gramática Alemana. Método teórico-práctico  |b para uso de los españoles  |c Enrique Ruppert 
250 |a 2 ed. 
260 |a Madrid  |b Heidelberg. Julio Groos  |c 1902 
300 |a 459 páginas 
650 |a GRAMÁTICA-ALEMANA 
999 |c 30945  |d 30945 
942 |c 15 D  |h 415-A R-2g  |2 z